00566nam a2200181 a 4500001001300000003000900013005001700022008004100039020001000080082001700090100002100107245012300128260004400251300000900295500003500304650002400339700002100363nice12345678IN_TiNIC20260116015157.0090917s2009 hyda grp 000 0 eng  ac45000a291.172bDSO aD`Souza, Andreas aFrom Converting to Pagan to Dialogue With Our Partnersb HMI`s Fifty Years Work of Evangelism and Interfaith Relations aHyderabadbHenry Martyn Institutec2009 a348p aincludes index and biblioraphy aInterfaith Dialogue1 aD`Souza, Andreas